000 00333nam a2200157Ia 4500
008 230523s9999 xx 000 0 und d
082 _a891 GOV
100 _aGovil, Prabodh Kumar
245 0 _aAkab: Hindi Fiction
250 _a2
260 _aJaipur
260 _bAayush Books
260 _c2018
300 _a128
942 _cRB
999 _c3667
_d3667